000 00591nam a2200229Ia 4500
005 20241129120042.0
008 241129s9999||||xx |||||||||||||| ||und||
020 _a9781292434230
037 _aTB
040 _aSDCL
_beng
_cSDCL
041 _aeng
_2eng
084 _aX, R3
_qSDCL
100 _aBade Robin; Parkin Michael
_9729013
245 0 _aFoundation of Economics
250 _a9th
260 _aNew Delhi
_bPearson
_c2023
300 _a984p.
365 _aGBP
_b58.99
650 _aBusiness Economics and Finance
942 _cTB
_hX, R3
999 _c1233137
_d1233137